000 00546nam a22001937a 4500
005 20230904112544.0
008 150319b1995 xxu||||| |||| 00| 0 spa d
020 _a9977926220
041 _aESP
082 _a303.23 T693m
100 _aTorres, Ana Felicia
_926638
245 _aEl mural viajero del desarrollo
260 _aCosta Rica
_bCentro de Estudios y Publicaciones Alforja
_c1995
300 _a13 páginas
650 _aCOMUNICACION
650 _aPINTURA MURAL
650 _aDESARROLLO DE LA COMUNIDAD
942 _cBK
_2ddc
999 _c4042
_d4042